000 00541nam a22001697a 4500
999 _c41252
_d41252
003 OSt
005 20210412105951.0
008 210412b ||||| |||| 00| 0 eng d
020 _a978818271847
040 _coclc
082 _a909.097671
_bKAR/I
100 _91839
_a Karakunnu, Sheikh Mohammed
245 _aIslamika Charithrathile Mayatha Mudrakal/
_cSheikh Muhammed Karakunnu
260 _aKozhikode:
_bIslamic Publishing House,
300 _a494 pages
942 _2ddc
_cBK
_h909.097671
_iKAR/I
_k909.097671
_mKAR/I